[Event "15. Obert Int. Sant Marti 2013"]
[Site "Barcelona ESP"]
[Date "2013.07.16"]
[Round "4.42"]
[White "Heredia Tarrats, Amadeu"]
[Black "De Azua Arpi, Rafael"]
[Result "1-0"]
[WhiteElo "2098"]
[BlackElo "1943"]
[PlyCount "71"]
[EventDate "2013.07.13"]
[EventType "swiss"]
[EventRounds "9"]
[EventCountry "ESP"]
[SourceTitle "Ajedrez en Madrid"]
[Source "lmi"]
[SourceDate "2013.07.13"]
[SourceVersion "1"]
[SourceVersionDate "2019.06.21"]
[SourceQuality "1"]

1. e4 e6 2. d4 d5 3. Nc3 Bb4 4. e5 c5 5. Bd2 a6 6. a3 Bxc3 7. Bxc3 cxd4 8. Qxd4
Ne7 9. Nf3 Nbc6 10. Qg4 Ng6 11. O-O-O Bd7 12. h4 h5 13. Qg3 Rc8 14. Bd3 Nce7
15. Bb4 Bb5 16. Bxe7 Qxe7 17. Bxg6 fxg6 18. Qxg6+ Kd7 19. Nd4 Rc4 20. f4 Rhc8
21. Rd2 Ba4 22. Qg5 Qf8 23. Kb1 Rxd4 24. Rxd4 Bxc2+ 25. Ka1 g6 26. Qg3 Qc5 27.
Qe3 Bf5 28. Re1 Qb5 29. Rb4 Qc6 30. Rb6 Qc7 31. Rb3 b5 32. Rc3 Qb7 33. Rec1 Rc4
34. b3 Re4 35. Qc5 Qb8 36. Qc7+ 1-0

[Event "15. Obert Int. Sant Marti 2013"]
[Site "Barcelona ESP"]
[Date "2013.07.16"]
[Round "4.43"]
[White "Pettersen, Joar Gullestad"]
[Black "Real Pereyra, Diana Carime"]
[Result "1-0"]
[WhiteElo "1944"]
[BlackElo "2076"]
[PlyCount "97"]
[EventDate "2013.07.13"]
[EventType "swiss"]
[EventRounds "9"]
[EventCountry "ESP"]
[SourceTitle "Ajedrez en Madrid"]
[Source "lmi"]
[SourceDate "2013.07.13"]
[SourceVersion "1"]
[SourceVersionDate "2019.06.21"]
[SourceQuality "1"]

1. e4 c5 2. Nf3 d6 3. d4 cxd4 4. Nxd4 Nf6 5. Nc3 Nc6 6. Bg5 Bd7 7. Be2 Qa5 8.
Bxf6 gxf6 9. O-O Rg8 10. Nd5 Nxd4 11. Qxd4 Bg7 12. b4 Qd8 13. Rad1 f5 14. Qd3
e6 15. Bh5 exd5 16. Qxd5 Qf6 17. e5 Qe6 18. Qxb7 Rd8 19. exd6 Kf8 20. Rfe1 Qf6
21. Re7 Be6 22. Qc7 Bh6 23. Qxd8+ Kg7 24. Qc7 Bf4 25. Rxe6 Qxe6 26. Qe7 Qxe7
27. dxe7 Kf6 28. g3 Kxe7 29. Rd5 f6 30. Rxf5 Bd6 31. Rb5 Rc8 32. Rb7+ Ke6 33.
Bf7+ Ke5 34. Bb3 h6 35. Kg2 Bb8 36. c4 Kd4 37. Kf3 Kc3 38. h4 Be5 39. Rxa7 Kxb4
40. Rh7 Rd8 41. Rxh6 Rd2 42. g4 Bd4 43. Rg6 Rxf2+ 44. Ke4 Be5 45. h5 Rh2 46.
Kd5 Bb2 47. Ke6 Re2+ 48. Kf7 Rh2 49. Rxf6 1-0

[Event "15. Obert Int. Sant Marti 2013"]
[Site "Barcelona ESP"]
[Date "2013.07.16"]
[Round "4.44"]
[White "Tahay, Alexis"]
[Black "Jaramillo Ochoa, Mateo"]
[Result "1/2-1/2"]
[WhiteElo "1944"]
[BlackElo "2074"]
[PlyCount "94"]
[EventDate "2013.07.13"]
[EventType "swiss"]
[EventRounds "9"]
[EventCountry "ESP"]
[SourceTitle "Ajedrez en Madrid"]
[Source "lmi"]
[SourceDate "2013.07.13"]
[SourceVersion "1"]
[SourceVersionDate "2019.06.21"]
[SourceQuality "1"]

1. e4 e5 2. Nf3 Nc6 3. Bb5 Nf6 4. O-O Nxe4 5. d4 Nd6 6. Bxc6 dxc6 7. dxe5 Nf5
8. Qxd8+ Kxd8 9. Nc3 Ke8 10. h3 h5 11. Bf4 Be6 12. Rad1 Bb4 13. a3 Bxc3 14.
bxc3 Rd8 15. Bg5 Rd7 16. Nd4 c5 17. Nxe6 fxe6 18. g4 hxg4 19. hxg4 Nh6 20. Bxh6
Rxh6 21. Rxd7 Kxd7 22. Kg2 c4 23. f4 b5 24. Rd1+ Ke7 25. Rb1 a6 26. a4 Rh8 27.
axb5 Rb8 28. Kf3 Rxb5 29. Rb4 Rc5 30. Ke4 g6 31. Ra4 Rc6 32. Ra1 Rb6 33. f5
gxf5+ 34. gxf5 exf5+ 35. Kxf5 Rh6 36. Rg1 Rh5+ 37. Ke4 Rh2 38. Rg7+ Ke6 39.
Rg6+ Ke7 40. Rxa6 Rxc2 41. Kd4 Rd2+ 42. Kxc4 Kd7 43. Kc5 Re2 44. Kd5 Rd2+ 45.
Ke4 Re2+ 46. Kf5 Rf2+ 47. Kg6 c6 1/2-1/2

[Event "15. Obert Int. Sant Marti 2013"]
[Site "Barcelona ESP"]
[Date "2013.07.16"]
[Round "4.45"]
[White "Cervello Tost, Ferran"]
[Black "Nadal Fajardo, Ricard"]
[Result "1-0"]
[WhiteElo "2049"]
[BlackElo "1913"]
[PlyCount "69"]
[EventDate "2013.07.13"]
[EventType "swiss"]
[EventRounds "9"]
[EventCountry "ESP"]
[SourceTitle "Ajedrez en Madrid"]
[Source "lmi"]
[SourceDate "2013.07.13"]
[SourceVersion "1"]
[SourceVersionDate "2019.06.21"]
[SourceQuality "1"]

1. d4 f5 2. Nf3 Nf6 3. g3 g6 4. Bg2 Bg7 5. O-O O-O 6. c4 d6 7. Nc3 Qe8 8. Bg5
c6 9. d5 Na6 10. Nd4 Bd7 11. e4 Nxe4 12. Nxe4 fxe4 13. Bxe4 c5 14. Ne6 Bxe6 15.
dxe6 Rb8 16. h4 Nc7 17. h5 gxh5 18. Qd3 Kh8 19. Bxh7 Nxe6 20. Bg6 Qc6 21. Bxe7
Rf3 22. Qxd6 Qxd6 23. Bxd6 Rd8 24. Be7 Rd7 25. Kg2 Bxb2 26. Rae1 Nd4 27. Bxc5
Rc3 28. Be8 Rxc4 29. Bxd7 Rxc5 30. Rb1 Rc2 31. Ba4 Rc4 32. Rxb2 Rxa4 33. Rxb7
Rxa2 34. Re1 Ne2 35. Kf1 1-0

[Event "15. Obert Int. Sant Marti 2013"]
[Site "Barcelona ESP"]
[Date "2013.07.16"]
[Round "4.46"]
[White "Fabregas Fontanet, Antonio"]
[Black "Andersen, Guttorm"]
[Result "1-0"]
[WhiteElo "2045"]
[BlackElo "1772"]
[PlyCount "33"]
[EventDate "2013.07.13"]
[EventType "swiss"]
[EventRounds "9"]
[EventCountry "ESP"]
[SourceTitle "Ajedrez en Madrid"]
[Source "lmi"]
[SourceDate "2013.07.13"]
[SourceVersion "1"]
[SourceVersionDate "2019.06.21"]
[SourceQuality "1"]

1. e4 d5 2. exd5 Qxd5 3. Nc3 Qa5 4. Bc4 Bf5 5. Nf3 Nf6 6. O-O e6 7. Re1 c6 8.
d4 Nd5 9. Nxd5 cxd5 10. Bd2 Qc7 11. Bxd5 Nc6 12. Bxc6+ Qxc6 13. Ne5 Qb6 14. c4
Rd8 15. Qa4+ Ke7 16. d5 f6 17. Bb4+ 1-0

[Event "15. Obert Int. Sant Marti 2013"]
[Site "Barcelona ESP"]
[Date "2013.07.16"]
[Round "4.47"]
[White "Jacobsen, Maria Pitz"]
[Black "Haug, Johannes"]
[Result "0-1"]
[WhiteElo "1814"]
[BlackElo "2042"]
[PlyCount "90"]
[EventDate "2013.07.13"]
[EventType "swiss"]
[EventRounds "9"]
[EventCountry "ESP"]
[SourceTitle "Ajedrez en Madrid"]
[Source "lmi"]
[SourceDate "2013.07.13"]
[SourceVersion "1"]
[SourceVersionDate "2019.06.21"]
[SourceQuality "1"]

1. Nf3 Nf6 2. g3 g6 3. Bg2 Bg7 4. O-O O-O 5. d3 d5 6. Nbd2 c5 7. e4 Nc6 8. Re1
e5 9. exd5 Nxd5 10. Ne4 b6 11. Bd2 Bb7 12. Nc3 Nde7 13. Qc1 f6 14. Bh6 Bxh6 15.
Qxh6 Nf5 16. Qd2 Qd7 17. Ne4 Kg7 18. h4 Ncd4 19. Nxd4 Nxd4 20. Rad1 f5 21. c3
Ne6 22. Ng5 Bxg2 23. Kxg2 Rae8 24. f3 Nxg5 25. hxg5 f4 26. d4 cxd4 27. cxd4 e4
28. d5 exf3+ 29. Kxf3 Qh3 30. Rxe8 Qxg3+ 31. Ke4 Rxe8+ 32. Kd4 Qxg5 33. Kc4
Rc8+ 34. Kb4 a5+ 35. Kb3 Qg3+ 36. Ka4 Rc4+ 37. Kb5 Rb4+ 38. Kc6 Qg4 39. Qc3+
Kf7 40. Kc7 Qxd1 41. Qe5 Qc2+ 42. Kd8 Qf5 43. Qe8+ Kg7 44. Qe7+ Qf7 45. Qe5+
Qf6+ 0-1

[Event "15. Obert Int. Sant Marti 2013"]
[Site "Barcelona ESP"]
[Date "2013.07.16"]
[Round "4.48"]
[White "Tarrago Domingo, Miguel"]
[Black "Vargas Drechsler, Carlos"]
[Result "1/2-1/2"]
[WhiteElo "2034"]
[BlackElo "1903"]
[PlyCount "40"]
[EventDate "2013.07.13"]
[EventType "swiss"]
[EventRounds "9"]
[EventCountry "ESP"]
[SourceTitle "Ajedrez en Madrid"]
[Source "lmi"]
[SourceDate "2013.07.13"]
[SourceVersion "1"]
[SourceVersionDate "2019.06.21"]
[SourceQuality "1"]

1. Nf3 Nf6 2. c4 e6 3. g3 c5 4. Bg2 Be7 5. O-O O-O 6. Nc3 a6 7. d4 cxd4 8. Nxd4
Qc7 9. Qd3 d6 10. b3 Nbd7 11. Bb2 Ne5 12. Qd2 Bd7 13. Rac1 Rac8 14. Rfd1 Rfd8
15. Ne4 Nxe4 16. Bxe4 Nc6 17. Nxc6 Bxc6 18. Bxc6 Qxc6 19. Qf4 Qe8 20. Qg4 Bf8
1/2-1/2

[Event "15. Obert Int. Sant Marti 2013"]
[Site "Barcelona ESP"]
[Date "2013.07.16"]
[Round "4.49"]
[White "Lien, Kjell Hakon"]
[Black "Montell Zabay, Alberto"]
[Result "1/2-1/2"]
[WhiteElo "1910"]
[BlackElo "2026"]
[PlyCount "72"]
[EventDate "2013.07.13"]
[EventType "swiss"]
[EventRounds "9"]
[EventCountry "ESP"]
[SourceTitle "Ajedrez en Madrid"]
[Source "lmi"]
[SourceDate "2013.07.13"]
[SourceVersion "1"]
[SourceVersionDate "2019.06.21"]
[SourceQuality "1"]

1. e4 d5 2. exd5 Nf6 3. Bb5+ Nbd7 4. Nc3 a6 5. Be2 Nb6 6. Nf3 g6 7. O-O Bg7 8.
d4 Nbxd5 9. Nxd5 Nxd5 10. c3 h6 11. Ne5 O-O 12. Nd3 Kh7 13. h4 e5 14. Nxe5 Qxh4
15. Bf3 c6 16. Bxd5 cxd5 17. Qf3 Be6 18. Bf4 b5 19. a3 a5 20. Nd3 Bg4 21. Qe3
Rfe8 22. Qd2 Re2 23. Qc1 Bf5 24. Bg3 Qe4 25. Nf4 Rc2 26. Re1 Rxc1 27. Raxc1 g5
28. Rxe4 Bxe4 29. Nh5 b4 30. Nxg7 bxa3 31. bxa3 Kxg7 32. Bc7 a4 33. f3 Bd3 34.
Re1 Rc8 35. Ba5 Kf6 36. Bb4 Bc4 1/2-1/2

[Event "15. Obert Int. Sant Marti 2013"]
[Site "Barcelona ESP"]
[Date "2013.07.16"]
[Round "4.50"]
[White "Velez Alvarez, Laura Camila"]
[Black "Frank-Nielsen, Marie"]
[Result "0-1"]
[WhiteElo "1774"]
[BlackElo "2016"]
[PlyCount "64"]
[EventDate "2013.07.13"]
[EventType "swiss"]
[EventRounds "9"]
[EventCountry "ESP"]
[SourceTitle "Ajedrez en Madrid"]
[Source "lmi"]
[SourceDate "2013.07.13"]
[SourceVersion "1"]
[SourceVersionDate "2019.06.21"]
[SourceQuality "1"]

1. e4 c5 2. Nf3 e6 3. d4 cxd4 4. Nxd4 a6 5. c4 Qc7 6. a3 Nf6 7. Nc3 Nc6 8. Be3
Be7 9. Be2 O-O 10. O-O Rd8 11. Nc2 Ne5 12. Na4 Re8 13. f3 d6 14. Nb6 Rb8 15.
Qd2 Nfd7 16. Nxc8 Rbxc8 17. b3 Red8 18. f4 Nc6 19. Rac1 Nc5 20. Bxc5 dxc5 21.
Qe3 Nd4 22. e5 Rd7 23. Rfd1 Rcd8 24. Ne1 h6 25. Rc3 Nxe2+ 26. Qxe2 Rxd1 27. Rh3
Qd7 28. Kf1 Qd2 29. Qe4 Rd4 30. Qe2 Rxf4+ 31. Rf3 Rxf3+ 32. gxf3 Bh4 0-1

[Event "15. Obert Int. Sant Marti 2013"]
[Site "Barcelona ESP"]
[Date "2013.07.16"]
[Round "4.51"]
[White "Amores Gago, Javier"]
[Black "Severri Arrese, Carlos"]
[Result "1-0"]
[WhiteElo "2167"]
[BlackElo "1905"]
[PlyCount "63"]
[EventDate "2013.07.13"]
[EventType "swiss"]
[EventRounds "9"]
[EventCountry "ESP"]
[SourceTitle "Ajedrez en Madrid"]
[Source "lmi"]
[SourceDate "2013.07.13"]
[SourceVersion "1"]
[SourceVersionDate "2019.06.21"]
[SourceQuality "1"]

1. e4 c6 2. Nc3 g6 3. g3 h5 4. h3 Bg7 5. Bg2 d6 6. d3 a5 7. a4 Na6 8. Be3 Nb4
9. Qd2 Nh6 10. f4 f5 11. Nf3 Be6 12. Nd1 fxe4 13. dxe4 Bc4 14. Nh4 Kf7 15. Bf1
d5 16. c3 Bxf1 17. Rxf1 d4 18. cxb4 dxe3 19. Qxe3 e6 20. f5 gxf5 21. exf5 e5
22. f6 Bxf6 23. Qg5 Qe7 24. Ng6 Ke6 25. Qe3 Qxb4+ 26. Nc3 Bg7 27. Nxh8 Rxh8 28.
O-O-O Nf5 29. Qd3 Bh6+ 30. Kb1 Nd4 31. Qg6+ Kd7 32. Qf5+ 1-0

[Event "15. Obert Int. Sant Marti 2013"]
[Site "Barcelona ESP"]
[Date "2013.07.16"]
[Round "4.52"]
[White "Meza Martinez, Alcides Ivan"]
[Black "Ramirez Medina, Victor"]
[Result "1-0"]
[WhiteElo "2136"]
[BlackElo "2012"]
[PlyCount "73"]
[EventDate "2013.07.13"]
[EventType "swiss"]
[EventRounds "9"]
[EventCountry "ESP"]
[SourceTitle "Ajedrez en Madrid"]
[Source "lmi"]
[SourceDate "2013.07.13"]
[SourceVersion "1"]
[SourceVersionDate "2019.06.21"]
[SourceQuality "1"]

1. Nf3 d5 2. d4 Nf6 3. g3 Bf5 4. Bg2 c6 5. O-O h6 6. c4 e6 7. Nc3 Nbd7 8. b3
Bd6 9. Bb2 O-O 10. Re1 Re8 11. Nd2 Bh7 12. e4 dxe4 13. Ndxe4 Be7 14. d5 exd5
15. cxd5 Nxe4 16. Nxe4 c5 17. d6 Bf8 18. Qd5 Qb6 19. Rad1 Rad8 20. Bh3 Qb4 21.
Bf5 Bxf5 22. Qxf5 Re6 23. Bc3 Qb6 24. Qd5 Rde8 25. f3 g6 26. Kg2 Bg7 27. Bxg7
Kxg7 28. g4 Re5 29. Qd2 Qa6 30. Kg3 R8e6 31. Qc3 f6 32. Nxf6 Rxf6 33. Rxe5 Nxe5
34. Qxe5 Qxa2 35. d7 Qxb3 36. Qxf6+ Kxf6 37. d8=Q+ 1-0

[Event "15. Obert Int. Sant Marti 2013"]
[Site "Barcelona ESP"]
[Date "2013.07.16"]
[Round "4.53"]
[White "Ofstad, Sigurd"]
[Black "Lopez Perdomo, Juan David"]
[Result "1-0"]
[WhiteElo "2007"]
[BlackElo "2100"]
[PlyCount "67"]
[EventDate "2013.07.13"]
[EventType "swiss"]
[EventRounds "9"]
[EventCountry "ESP"]
[SourceTitle "Ajedrez en Madrid"]
[Source "lmi"]
[SourceDate "2013.07.13"]
[SourceVersion "1"]
[SourceVersionDate "2019.06.21"]
[SourceQuality "1"]

1. f4 d5 2. Nf3 Nf6 3. g3 g6 4. Bg2 Bg7 5. O-O c5 6. d3 Nc6 7. c3 Bg4 8. Nbd2
Bxf3 9. Nxf3 Qd6 10. Kh1 O-O 11. Qc2 d4 12. e4 dxe3 13. Bxe3 Rad8 14. Rad1 Nd5
15. Bf2 b5 16. Ng5 b4 17. Ne4 Qc7 18. Bxc5 Na5 19. Qf2 bxc3 20. bxc3 Nxc3 21.
Rc1 Nxe4 22. Bxe4 Qd7 23. Bxa7 f5 24. Bf3 Qa4 25. Rfd1 Rd7 26. Bb6 Bd4 27. Bxd4
Rxd4 28. Rc7 Rfd8 29. Qe2 R4d7 30. Qe6+ Kf8 31. Qe5 Kf7 32. Bd5+ e6 33. Bxe6+
Ke8 34. Bxd7+ 1-0

[Event "15. Obert Int. Sant Marti 2013"]
[Site "Barcelona ESP"]
[Date "2013.07.16"]
[Round "4.54"]
[White "Barcelo Sola, David"]
[Black "Barba Rios, Enric"]
[Result "1-0"]
[WhiteElo "2075"]
[BlackElo "1956"]
[PlyCount "69"]
[EventDate "2013.07.13"]
[EventType "swiss"]
[EventRounds "9"]
[EventCountry "ESP"]
[SourceTitle "Ajedrez en Madrid"]
[Source "lmi"]
[SourceDate "2013.07.13"]
[SourceVersion "1"]
[SourceVersionDate "2019.06.21"]
[SourceQuality "1"]

1. e4 c5 2. Nf3 Nc6 3. Bb5 d6 4. d4 cxd4 5. Qxd4 Bd7 6. Bxc6 Bxc6 7. Nc3 e5 8.
Qd3 Ne7 9. Be3 Qc7 10. O-O-O Ng6 11. h4 Be7 12. Kb1 a6 13. h5 Nf8 14. Nd2 b5
15. Nb3 Nd7 16. g4 Nb6 17. Na5 Bd7 18. Bxb6 Qxb6 19. Nd5 Qxa5 20. Nxe7 Be6 21.
Nd5 b4 22. g5 Rc8 23. g6 fxg6 24. hxg6 h6 25. Qb3 Qc5 26. Nc7+ Rxc7 27. Qxe6+
Kf8 28. Rd2 Qc6 29. Rhd1 Qd7 30. Qxe5 Qe7 31. Qf5+ Qf6 32. Rxd6 Qxf5 33. exf5
Re7 34. Rd8+ Re8 35. R1d7 1-0

[Event "15. Obert Int. Sant Marti 2013"]
[Site "Barcelona ESP"]
[Date "2013.07.16"]
[Round "4.55"]
[White "Fernandez Aguilar, Francisco"]
[Black "Maltsev, Leonid"]
[Result "1-0"]
[WhiteElo "2040"]
[BlackElo "1985"]
[PlyCount "73"]
[EventDate "2013.07.13"]
[EventType "swiss"]
[EventRounds "9"]
[EventCountry "ESP"]
[SourceTitle "Ajedrez en Madrid"]
[Source "lmi"]
[SourceDate "2013.07.13"]
[SourceVersion "1"]
[SourceVersionDate "2019.06.21"]
[SourceQuality "1"]

1. e4 c5 2. Nc3 e6 3. f4 d5 4. Bb5+ Bd7 5. Bxd7+ Qxd7 6. d3 Nc6 7. Nf3 d4 8.
Nb1 Bd6 9. O-O Nge7 10. g3 O-O 11. Nbd2 Bc7 12. f5 exf5 13. Nh4 fxe4 14. Nxe4
f5 15. Nxc5 Qd5 16. Nb3 Ne5 17. Bf4 Rac8 18. Qe2 N7g6 19. Bxe5 Qxe5 20. Qxe5
Bxe5 21. Nxg6 hxg6 22. Rae1 Bf6 23. Re2 Rc7 24. Rf4 Rd8 25. g4 Rdc8 26. Na1 Rc5
27. h3 Re5 28. Rxe5 Bxe5 29. Rf2 fxg4 30. hxg4 Bg3 31. Re2 Kf7 32. Nb3 Rd8 33.
Re4 Bc7 34. Nxd4 Bb6 35. c3 Kf6 36. Kg2 Bxd4 37. Rxd4 1-0

[Event "15. Obert Int. Sant Marti 2013"]
[Site "Barcelona ESP"]
[Date "2013.07.16"]
[Round "4.56"]
[White "Saez Coma, Alejandro"]
[Black "Julian Barrachina, Lluis"]
[Result "1-0"]
[WhiteElo "2025"]
[BlackElo "2163"]
[PlyCount "127"]
[EventDate "2013.07.13"]
[EventType "swiss"]
[EventRounds "9"]
[EventCountry "ESP"]
[SourceTitle "Ajedrez en Madrid"]
[Source "lmi"]
[SourceDate "2013.07.13"]
[SourceVersion "1"]
[SourceVersionDate "2019.06.21"]
[SourceQuality "1"]

1. d4 Nf6 2. Nf3 e6 3. Bf4 d5 4. e3 Nbd7 5. Nbd2 c5 6. c3 Be7 7. Bd3 Qb6 8. Rb1
cxd4 9. exd4 Nf8 10. h3 Ng6 11. Bh2 Bd7 12. Qb3 O-O 13. O-O Bc6 14. Rfe1 Rfe8
15. Ra1 Qd8 16. a4 Nh5 17. Bb1 Bd6 18. Ne5 Nxe5 19. dxe5 Bc5 20. Nf3 g6 21. Nd4
Qh4 22. Qd1 Rab8 23. Qg4 Qxg4 24. hxg4 Ng7 25. Nb3 Be7 26. Nd4 Rec8 27. Bd3 a6
28. Bf4 Bd7 29. a5 Ne8 30. Be3 Bc5 31. Bf4 Kg7 32. Rec1 h6 33. Be3 f6 34. Bf4
f5 35. gxf5 gxf5 36. g3 Be7 37. Kg2 Kg6 38. g4 Ng7 39. gxf5+ Nxf5 40. Bxf5+
exf5 41. e6 Bc6 42. Bxb8 Rxb8 43. b4 Kf6 44. Rh1 Rg8+ 45. Kf3 Rg4 46. Rxh6+ Kg5
47. Rah1 Rf4+ 48. Ke3 Re4+ 49. Kd2 Kf4 50. R6h5 Rxd4+ 51. cxd4 Bxb4+ 52. Kd3
Bb5+ 53. Kc2 Ba4+ 54. Kb2 Be7 55. R1h4+ Kf3 56. Rxf5+ Ke2 57. Rh7 Bb4 58. Rxb7
Bxa5 59. Rxd5 Bd2 60. Re5+ Kd3 61. e7 Bc3+ 62. Ka3 Be8 63. Re3+ Kxd4 64. Rxc3
1-0

[Event "15. Obert Int. Sant Marti 2013"]
[Site "Barcelona ESP"]
[Date "2013.07.16"]
[Round "4.57"]
[White "Posada, Juan Manuel"]
[Black "Harstad, Christian"]
[Result "1-0"]
[WhiteElo "2101"]
[BlackElo "1942"]
[PlyCount "101"]
[EventDate "2013.07.13"]
[EventType "swiss"]
[EventRounds "9"]
[EventCountry "ESP"]
[SourceTitle "Ajedrez en Madrid"]
[Source "lmi"]
[SourceDate "2013.07.13"]
[SourceVersion "1"]
[SourceVersionDate "2019.06.21"]
[SourceQuality "1"]

1. Nf3 Nf6 2. d3 Nc6 3. g3 e5 4. Nbd2 Bc5 5. h3 d5 6. e4 dxe4 7. dxe4 Be6 8.
Bg2 Qd7 9. Ng5 Rd8 10. Nxe6 Qxe6 11. O-O O-O 12. c3 Rd3 13. Kh2 Rfd8 14. Qe2 h6
15. Nf3 a5 16. Ne1 R3d7 17. Nc2 Ne7 18. Ne3 Bxe3 19. Bxe3 Nc8 20. b3 Qc6 21.
Qc2 Nd6 22. f3 Nb5 23. c4 Nd4 24. Qb2 Nh5 25. Rae1 Qg6 26. Qf2 c5 27. f4 f6 28.
f5 Qf7 29. g4 Nf4 30. Bxf4 exf4 31. e5 fxe5 32. Rxe5 f3 33. Bxf3 Nxf3+ 34. Qxf3
Rd3 35. Re3 Rd2+ 36. Rf2 Qc7+ 37. Kg2 Rxf2+ 38. Qxf2 Qc6+ 39. Kg3 a4 40. Rf3
Qd6+ 41. Kg2 axb3 42. axb3 b6 43. f6 g5 44. f7+ Kg7 45. Qb2+ Kg6 46. Qc2+ Kg7
47. Qc3+ Kg6 48. Rf5 Rf8 49. Rd5 Qe6 50. Qd3+ Kg7 51. Rd6 1-0

[Event "15. Obert Int. Sant Marti 2013"]
[Site "Barcelona ESP"]
[Date "2013.07.16"]
[Round "4.58"]
[White "Zemlicka, Vit"]
[Black "Calderon Alzate, Ivan Alejandro"]
[Result "1/2-1/2"]
[WhiteElo "2016"]
[BlackElo "1882"]
[PlyCount "53"]
[EventDate "2013.07.13"]
[EventType "swiss"]
[EventRounds "9"]
[EventCountry "ESP"]
[SourceTitle "Ajedrez en Madrid"]
[Source "lmi"]
[SourceDate "2013.07.13"]
[SourceVersion "1"]
[SourceVersionDate "2019.06.21"]
[SourceQuality "1"]

1. e4 c5 2. Nf3 d6 3. d4 cxd4 4. Nxd4 Nf6 5. Nc3 a6 6. Be3 e5 7. Nb3 Be6 8. f3
Nbd7 9. g4 Nb6 10. Qd2 Nc4 11. Bxc4 Bxc4 12. g5 Nd7 13. Nd5 Rc8 14. O-O-O Bxd5
15. Qxd5 Qc7 16. Qd2 Nb6 17. Na5 Be7 18. h4 Na4 19. Rh2 b5 20. h5 Rb8 21. Nb3
Nb6 22. Na5 Na4 23. Rdh1 b4 24. Nb3 Nb6 25. Na5 Na4 26. Nb3 Nb6 27. Na5 1/2-1/2

[Event "15. Obert Int. Sant Marti 2013"]
[Site "Barcelona ESP"]
[Date "2013.07.17"]
[Round "5.1"]
[White "Dvirnyy, Danyyil"]
[Black "Agdestein, Simen"]
[Result "0-1"]
[WhiteElo "2549"]
[BlackElo "2567"]
[PlyCount "62"]
[EventDate "2013.07.13"]
[EventType "swiss"]
[EventRounds "9"]
[EventCountry "ESP"]
[SourceTitle "Ajedrez en Madrid"]
[Source "lmi"]
[SourceDate "2013.07.13"]
[SourceVersion "1"]
[SourceVersionDate "2019.06.21"]
[SourceQuality "1"]

1. e4 e6 2. d3 d5 3. Nd2 c5 4. Ngf3 Nc6 5. g3 Bd6 6. Bg2 Nge7 7. O-O O-O 8. Nh4
b5 9. f4 c4 10. e5 Bc5+ 11. Kh1 Qb6 12. c3 cxd3 13. Nb3 b4 14. Nxc5 Qxc5 15.
Qxd3 bxc3 16. bxc3 Qa5 17. Qf3 Rb8 18. Rf2 Ba6 19. Bd2 Rb2 20. Be1 Rfb8 21.
Rxb2 Rxb2 22. c4 Qb6 23. cxd5 Nxd5 24. Qa3 Ne3 25. Be4 Nc2 26. Bxc2 Rxc2 27.
Qb3 Nb4 28. Rd1 h6 29. a3 Bb7+ 30. Nf3 Rf2 31. Bxf2 Qxf2 0-1

[Event "15. Obert Int. Sant Marti 2013"]
[Site "Barcelona ESP"]
[Date "2013.07.17"]
[Round "5.2"]
[White "Kovchan, Alexander"]
[Black "Asis Gargatagli, Hipolito"]
[Result "1/2-1/2"]
[WhiteElo "2577"]
[BlackElo "2487"]
[PlyCount "117"]
[EventDate "2013.07.13"]
[EventType "swiss"]
[EventRounds "9"]
[EventCountry "ESP"]
[SourceTitle "Ajedrez en Madrid"]
[Source "lmi"]
[SourceDate "2013.07.13"]
[SourceVersion "1"]
[SourceVersionDate "2019.06.21"]
[SourceQuality "1"]

1. e4 c5 2. Nf3 d6 3. d4 cxd4 4. Nxd4 Nf6 5. Nc3 a6 6. Be2 e5 7. Nb3 Be7 8. O-O
O-O 9. Be3 Be6 10. Qd2 Nbd7 11. a4 Nb6 12. a5 Nc4 13. Bxc4 Bxc4 14. Rfd1 Rc8
15. Nc1 d5 16. Bb6 Qe8 17. exd5 Bb4 18. d6 Qd7 19. Nd3 Qxd6 20. Nxb4 Qxb4 21.
Ne4 Qxd2 22. Nxf6+ gxf6 23. Rxd2 Be6 24. Ra3 f5 25. Rg3+ Kh8 26. f4 exf4 27.
Rf3 Rc4 28. Bd4+ Kg8 29. b3 Rc6 30. Bb6 f6 31. Rxf4 Re8 32. c4 Bc8 33. Rd3 Re4
34. Rd8+ Kf7 35. Rf3 Be6 36. Rh3 Kg7 37. Rg3+ Rg4 38. Rgd3 Kf7 39. Rh8 Rg7 40.
Rdd8 Kg6 41. Rhe8 f4 42. Rd4 f3 43. g3 h5 44. Kf2 Bg4 45. Rdd8 Kf5 46. Be3 Re6
47. Rd5+ Kg6 48. Rxe6 Bxe6 49. Rd6 Bg4 50. Bd4 Rf7 51. b4 Kf5 52. Bc3 Ke4 53.
Rd4+ Kf5 54. Rd5+ Ke6 55. h3 Bxh3 56. Kxf3 Rd7 57. Rxd7 Kxd7 58. Bxf6 Be6 59.
Ke4 1/2-1/2

[Event "15. Obert Int. Sant Marti 2013"]
[Site "Barcelona ESP"]
[Date "2013.07.17"]
[Round "5.3"]
[White "Hayrapetyan, Hovik"]
[Black "Firman, Nazar"]
[Result "1/2-1/2"]
[WhiteElo "2486"]
[BlackElo "2526"]
[PlyCount "176"]
[EventDate "2013.07.13"]
[EventType "swiss"]
[EventRounds "9"]
[EventCountry "ESP"]
[SourceTitle "Ajedrez en Madrid"]
[Source "lmi"]
[SourceDate "2013.07.13"]
[SourceVersion "1"]
[SourceVersionDate "2019.06.21"]
[SourceQuality "1"]

1. d4 Nf6 2. Nf3 c5 3. d5 e6 4. c4 b5 5. dxe6 fxe6 6. cxb5 a6 7. bxa6 Bxa6 8.
g3 Nc6 9. Bg2 Be7 10. O-O O-O 11. Re1 Rb8 12. Nc3 Kh8 13. b3 Nb4 14. a3 Nc6 15.
e4 e5 16. Bg5 Nd4 17. Bxf6 Bxf6 18. Nxd4 exd4 19. Nd5 d6 20. Bf1 d3 21. Ra2 c4
22. Nb4 Bb5 23. bxc4 Bxc4 24. Rd2 Bc3 25. Bxd3 Qg5 26. Re3 Bxd2 27. Qxd2 Bg8
28. a4 Rf3 29. Bb5 Rxe3 30. Qxe3 Qxe3 31. fxe3 Bb3 32. Nc6 Ra8 33. e5 dxe5 34.
Nxe5 Bxa4 35. Nf7+ Kg8 36. Bc4 Kf8 37. Ng5 Bc2 38. Ne6+ Ke7 39. Nxg7 Bg6 40. g4
Rc8 41. Bd5 Kd6 42. Bg2 Rc7 43. Nh5 Bxh5 44. gxh5 Ke5 45. Kf2 Kf5 46. Bf3 Kg5
47. h3 Kh4 48. Bg4 Rf7+ 49. Ke2 Kg3 50. Kd3 Re7 51. Kd4 h6 52. Kd3 Kf2 53. e4
Kg3 54. Ke3 Re5 55. Bf5 Ra5 56. Bg6 Ra3+ 57. Kd4 Kf4 58. Bf5 Ra5 59. Bg6 Kg5
60. e5 Kf4 61. e6 Re5 62. Bf7 Kf5 63. Kd3 Kf6 64. Kd4 Re1 65. Kd3 Rh1 66. Ke4
Rxh3 67. Kd4 Rh1 68. Ke4 Re1+ 69. Kd3 Ke7 70. Kd2 Re5 71. Kd3 Kd6 72. Kd4 Re1
73. Kc4 Rd1 74. Kc3 Rf1 75. Kc4 Re1 76. Kd4 Kc6 77. Kc4 Kc7 78. Kd5 Kd8 79. Kd6
Rd1+ 80. Ke5 Ke7 81. Kf5 Rg1 82. Ke5 Rg5+ 83. Kd4 Kd6 84. Kc4 Rg4+ 85. Kd3 Ra4
86. Kc3 Re4 87. Kd3 Re1 88. Kc4 Rxe6 1/2-1/2